000 00387nam a2200157Ia 4500
999 _c31089
_d31089
003 OSt
005 20250826125317.0
008 250310s9999||||xx |||||||||||||| ||und||
040 _c.
082 _a915.404
_bM2977
245 0 _aTravel India Aide Orissa /
_cMaps and Agencies
250 _a2nd ed.
260 _aMadras :
_bMaps and Agencies,
_c1981.
300 _a24 p.
942 _cBK
_2ddc